| 000 | 01976nas a2200349 i 4500 | ||
|---|---|---|---|
| 001 | 114098 | ||
| 003 | DR-UNIBE | ||
| 005 | 20251217112738.0 | ||
| 007 | ta | ||
| 008 | 251029b2025 dr f||p|r||||||0| | spa d | ||
| 022 | _a2960-7531 | ||
| 040 |
_aBiblioteca UNIBE _cBiblioteca UNIBE _bspa _dDO-SdBNP _erda |
||
| 041 | _aspa | ||
| 110 |
_aHospital Universitario Docente Central de las Fuerzas Armadas _988734 |
||
| 245 | 0 | 0 |
_aRevista médico-científica defensa en salud / _cHospital Universitario Docente Central de las Fuerzas Armadas. |
| 264 |
_aSanto Domingo, República Dominicana : _bHospital Universitario Docente Central de las Fuerzas Armadas, _c2024. |
||
| 300 |
_avolumen : _bilustraciones, fotografías, gráficos, tablas ; _c28 cm. |
||
| 310 | _aSemestral. | ||
| 336 |
_atexto _btxt _2rdacontent |
||
| 337 |
_asin mediación _bn _2rdamedia |
||
| 338 |
_avolumen _bnc _2rdacarrier |
||
| 362 | _aVolumen 2, número 1 (julio-diciembre 2024). | ||
| 500 | _aCatalogación basada en el volumen 2, número 1 (julio-diciembre 2024). | ||
| 520 | _aLa Revista Médico-Científica Defensa en Salud es la publicación oficial de investigación en salud con sede en el Hospital Universitario Docente Central de las Fuerzas Armadas fundada el 12 de octubre del año 2022 por el coronel Médico Cirujano Oncólogo Dr. Samuel Montero García, ERD. Con dedicación a la formación nacional e internacional en todas las áreas de la salud. Esta registrada en el ISSB: 2960-7531. | ||
| 650 | 7 |
_2lemb _aMedicina _xInvestigaciones _9199361 _vPublicaciones periódicas _zRepública Dominicana |
|
| 650 | 7 |
_2lemb _aSalud _xInvestigaciones _9199362 |
|
| 650 | 7 |
_2lemb _aCiencias médicas _xInvestigaciones _9199363 _vPublicaciones periódicas _zRepública Dominicana |
|
| 650 | 7 |
_2lemb _aInvestigación científica _988733 _vPublicaciones periódicas _zRepública Dominicana |
|
| 653 | _aCiencias de la salud | ||
| 655 | 7 |
_2lemb _aPublicaciones periódicas _987420 |
|
| 942 |
_2ddc _cISSUE |
||
| 999 |
_c59986 _d59986 |
||